000 00285nam a2200109Ia 4500
008 200302s9999 xx 000 0 und d
100 _aDavid Plotkin
245 _aHow to do Everything with Frontpage 2002
260 _bTata Mcgraw-Hill Book Co. Ltd.
260 _c2002
300 _a633 P.,
999 _c1860
_d1860